| 000 | 01776cam a2200349 a 4500 | ||
|---|---|---|---|
| 001 | 0000000246 | ||
| 005 | 20170406112503.0 | ||
| 008 | 940718s1995 nyum b a001 0 eng | ||
| 010 | _a 94030032 | ||
| 015 | _aGB95-76737 | ||
| 019 |
_a33665360 _a60245025 _a123464863 |
||
| 020 | _a0195068025 (acid-free paper) | ||
| 020 | _a9780195068023 (acid-free paper) | ||
| 035 | _a(OCoLC)30970604 | ||
| 040 |
_aDLC _beng _cDLC _dUKM _dBAKER _dUKV3G _dNLGGC _dBTCTA _dYDXCP _dNYDWH _dGEBAY _dEXW _dBDX _dOCLCO |
||
| 043 |
_an-us--- _ae-ur--- |
||
| 050 | 0 | 0 |
_aE183.8.S65 _bM373 1995 |
| 082 | 0 | 0 |
_a327.73047 _220 |
| 100 | 1 |
_aMayers, David Allan, _d1951-. |
|
| 245 | 1 | 4 |
_aThe ambassadors and America's Soviet policy / _cDavid Mayers. |
| 260 |
_aNew York : _bOxford University Press, _c1995. |
||
| 300 |
_aviii, 335 p. : _bill. ; _c24 cm. |
||
| 504 | _aIncludes bibliographical references (p. 307-322) and index. | ||
| 505 | 0 | 0 |
_tUnited States Chiefs of Mission in St. Petersburg and Moscow -- _tBefore Moscow -- _tSt. Petersburg and the U.S. Diplomatic Tradition -- _tFrom Comity to Estrangement -- _tWar and Revolution -- _tIn Stalin's Time -- _tPreparing for Moscow -- _tPurges and the Failure of Collective Security -- _tFragile Coalition -- _tNeither War Nor Peace -- _tGreat Power Rivalry -- _tAfter Stalin -- _tControlled Rivalry -- _tCollapse and the Art of Diplomacy. |
| 650 | 0 |
_aAmbassadors _zUnited States _xHistory _y20th century. |
|
| 650 | 0 |
_aAmbassadors _zSoviet Union _xHistory. |
|
| 651 | 0 |
_aUnited States _xForeign relations _zSoviet Union. |
|
| 651 | 0 |
_aSoviet Union _xForeign relations _zUnited States. |
|
| 908 | _a131008 | ||
| 913 | _aN | ||
| 989 | 7 | _aambassadors_and_americas_soviet_policy___________________________1995335____oxa_______________________________ | |
| 999 |
_c215 _d215 |
||